书目信息 |
| 题名: |
英美经济贸易报刊文章阅读技巧
|
|
| 作者: | 石畏三 编著 | |
| 分册: | ||
| 出版信息: | 北京 对外贸易教育出版社 1987 |
|
| 页数: | 196页 | |
| 开本: | 20cm | |
| 丛书名: | 国际经济报刊阅读丛书 | |
| 单 册: | ||
| 中图分类: | H319.4 , H31 | |
| 科图分类: | ||
| 主题词: | 商业-英语-阅读 , 英语-商业-阅读 , 阅读-商业-英语 , 英语 | |
| 电子资源: | ||
| ISBN: | 7-81000-031-4 | |
| 000 | 00853nam2 2200301 45 | |
| 001 | 0187004671 | |
| 005 | 20040511082941.9 | |
| 010 | @a7-81000-031-4@dCNY1.45 | |
| 100 | @a19900808d1987 ek y0chiy0121 ea | |
| 101 | 0 | @achi |
| 102 | @aCN@b110000 | |
| 105 | @ay z 000yy | |
| 106 | @ar | |
| 200 | 10 | @a英美经济贸易报刊文章阅读技巧@Aying mei jing ji mao yi bao kan wen zhang yue du ji qiao@f石畏三编著 |
| 210 | @a北京@c对外贸易教育出版社@d1987 | |
| 215 | @a196页@d20cm | |
| 225 | 2 | @a国际经济报刊阅读丛书 |
| 410 | 0 | @120010@a国际经济报刊阅读丛书 |
| 606 | @a商业-英语-阅读 | |
| 606 | @a英语-商业-阅读 | |
| 606 | @a阅读-商业-英语 | |
| 606 | 0 | @a英语 |
| 690 | @aH319.4@v3 | |
| 690 | @aH31 | |
| 701 | 0 | @a石畏三@Ashi wei san@4编著 |
| 801 | 0 | @aCN@b深圳图书馆@c20040511 |
| 801 | 2 | @aCN@bNLC@c20040511 |
| 905 | @f4@b204744-747@dH31@e247 | |
| 英美经济贸易报刊文章阅读技巧/石畏三编著.-北京:对外贸易教育出版社,1987 |
| 196页;20cm.-(国际经济报刊阅读丛书) |
| ISBN 7-81000-031-4:CNY1.45 |
| ● |
| 相关链接 |
|
|
|
|
正题名:英美经济贸易报刊文章阅读技巧
索取号:H31/247
 
预约/预借
| 序号 | 登录号 | 条形码 | 馆藏地/架位号 | 状态 | 备注 |
| 1 | 0204744 | 000932502 | 第四借阅区/ [索取号:H31/247] | 在馆 | |
| 2 | 0204745 | 000932593 | 第四借阅区/ [索取号:H31/247] | 在馆 | |
| 3 | 0204746 | 000932557 | 第四借阅区/ [索取号:H31/247] | 在馆 | |
| 4 | 0204747 | 000932548 | 第四借阅区/ [索取号:H31/247] | 在馆 | |
| 5 | 0204748 | 000932584 | 第二样本阅览室/ [索取号:H31/247] | 在馆 |